000
00240nam a2200097Ia 4500
008
220204s9999 xx 000 0 und d
082
_a
621
_b
DIC
245
0
_a
Machine technology. 4 Series
260
_a
Bombay
_b
Taraporevala
_c
1969
942
_c
BK
999
_c
27562
_d
27562